Fire Emblem Path of Radiance Knowledge - Statistics

General Stats
  • This quiz has been taken 32 times
  • The average score is 19 of 25
Answer Stats
Question Answer % Correct
Which number game in the series is Path of Radiance? 9
100%
Name one of the laguz kingdoms in the game. Gallia/Goldoa/Phoenicis/Kilvas
93%
Name one of the long range magics in the game (range 3-10) Purge/Blizzard/Meteor/Bolting
93%
What is Ike's Occult Scroll skill called? Aether
86%
What is the name of the Black Knight's weapon? Alondite
86%
What series of weapons allows the user to attack twice or four times in each battle? Brave
86%
Which series of items is known for its' high critical hit ratio? Killer
86%
Who is the Paladin you fight as the boss of Ch. 23, The Great Bridge, that wields the Flame Lance Petrine
86%
There is a very useful stave that heals units from a distance, what is it called? Physic
86%
Which two characters are necessary to recruit Shinon in Chapter 18? Rolf and Ike
86%
What is the Occult scroll skill for Paladins and Valkryies? Sol
83%
What is the name or number of the chapter that the player is allowed to field the most units (19) Clash!/26
79%
There is a special bow that allows the player to attack from 4 spaces away acquired in chapter 27. What is it called? Double Bow
79%
What is the name of the commander of the Begnion Holy Guard? Sigrun
79%
Path of Radiance introduced the shove mechanic to move friendly or enemy units 1 space away. What is the upgraded form of this that moves units 2 spaces called? Smite
79%
What is Ike's class Before he becomes a Lord? Ranger
76%
Who is the last unpromoted unit that you recruit in the game? Tormod
76%
Which stat governs how much a weapons weight affects your characters speed? Strength
72%
What was the name of Ike and Mist's mother? Elena
69%
King Ashnard's mount is actually a warped Dragon laguz and Ena's mate. What is his name? Rajaion
62%
Which staff heals all allies fully, as well as removing any status effects they are afflicted with? Ashera Staff
59%
There is a special item that allows a unit to canto/move after taking an action acquired by not killing any ravens in Chapter 19, Entrusted. What is it called? Knight Ring
55%
Name the item that allows a laguz to stay in its' laguz form all of the time, but lowers its' stats slightly. Demi Band
52%
Which tome is the strongest tome the player can use in the game? Rexbolt
48%
Name one of the two bosses who drops a Master Seal in the game. Danomill/Mackoya
24%
No matching quizzes found
Score Distribution
Percent of People with Each Score
Percentile by Number Answered
Your Score History
You have not taken this quiz